Violence in a post-conflict context: urban poor perceptions from Guatemala (Record no. 61319)

MARC details
000 -LEADER
fixed length control field 00798nam a2200205 a 4500
008 - FIXED-LENGTH DATA ELEMENTS--GENERAL INFORMATION
fixed length control field 071030s2001 ||||||||||||||||| || u
020 ## - INTERNATIONAL STANDARD BOOK NUMBER
International Standard Book Number 0821348361
050 ## - LIBRARY OF CONGRESS CALL NUMBER
Classification number HN 150.Z9 Mos
100 ## - MAIN ENTRY--PERSONAL NAME
Personal name Moser, Caroline
245 10 - TITLE STATEMENT
Title Violence in a post-conflict context: urban poor perceptions from Guatemala
260 ## - PUBLICATION, DISTRIBUTION, ETC.
Place of publication, distribution, etc. Washington, D. C.
Name of publisher, distributor, etc. World Bank
Date of publication, distribution, etc. 2001
300 ## - PHYSICAL DESCRIPTION
Extent xi, 163p. :ill.
350 ## - PRICE (NR) (BK AM CF MU VM SE) [OBSOLETE]
Price 0.00
650 ## - SUBJECT ADDED ENTRY--TOPICAL TERM
Topical term or geographic name entry element URBAN POOR--GUATEMALA--ATTITUDES
650 ## - SUBJECT ADDED ENTRY--TOPICAL TERM
Topical term or geographic name entry element VIOLENCE--POST-CONFLICT CONTEXT
650 ## - SUBJECT ADDED ENTRY--TOPICAL TERM
Topical term or geographic name entry element MARGINALITY, SOCIAL--GUATEMALA
650 ## - SUBJECT ADDED ENTRY--TOPICAL TERM
Topical term or geographic name entry element VIOLENCE--GUATEMALA--PUBLIC OPINION
700 ## - ADDED ENTRY--PERSONAL NAME
Personal name McIlwaine, Cathy
995 ## - RECOMMENDATION 995 [LOCAL, UNIMARC FRANCE]
-- 0.00
-- CBU-MAIN LIBRARY (Kitwe)
-- 1
-- 0.00
-- 1
-- AVAILABLE
-- Oct 30, 2007
-- Main Library Open Access Collection
Holdings
Withdrawn status Lost status Source of classification or shelving scheme Damaged status Not for loan Home library Current library Shelving location Date acquired Total Checkouts Full call number Barcode Date last seen Price effective from Koha item type
          CBU-MAIN LIBRARY, KITWE. CBU-MAIN LIBRARY, KITWE.   11/30/2022   HN 150.Z9 Mos 55823 11/30/2022 11/30/2022 MONOGRAPH